Pax Americana
Αποθηκεύτηκε σε:
| Κύριος συγγραφέας: | |
|---|---|
| Άλλοι συγγραφείς: | , |
| Μορφή: | Βιβλίο |
| Γλώσσα: | Greek English |
| Δημοσίευση: |
Aθήναι :
Παπαζήσης,
1970.
|
| Σειρά: | Σύγχρονα προβλήματα (Παπαζήσης)
|
| Θέματα: | |
| Ετικέτες: |
Προσθήκη ετικέτας
Δεν υπάρχουν, Καταχωρήστε ετικέτα πρώτοι!
|
MARC
| LEADER | 00000cam a2200000 i 4500 | ||
|---|---|---|---|
| 001 | 1/96952 | ||
| 008 | 950127s gr | ||| |||| ||gre|| | ||
| 035 | |l 10010375 | ||
| 040 | |a GR-MY-UA |b gre |e aacr | ||
| 041 | 1 | |a gre |h eng | |
| 082 | 7 | |a 327.73 |2 (22) | |
| 100 | 1 | |a Steel, Ronald. | |
| 245 | 1 | 0 | |a Pax Americana / |c Ronald Steel ; μετάφραση: Δ. Κακουσαίου, A. Λαμπροπούλου ; εισαγωγή: Κώστα Χατζηαργύρη. |
| 260 | |a Aθήναι : |b Παπαζήσης, |c 1970. | ||
| 300 | |a 403 σ. ; |c 21 εκ. | ||
| 490 | 1 | |a (Σύγχρονα προβλήματα / Παπαζήσης) | |
| 650 | 0 | 0 | |a World politics |y 1945-1989. |
| 650 | 0 | 0 | |a Imperialism. |
| 651 | 0 | |a United States |x Foreign relations |y 1945-1989. | |
| 700 | 1 | |a Κακουσαίου, Δανάη, |e trlf | |
| 700 | 1 | |a Λαμπροπούλου, Αναστασία Ν. |e trlf | |
| 830 | 0 | |a Σύγχρονα προβλήματα (Παπαζήσης) | |
| 852 | |a INST |b LESVOS |e 19950127 |h 327.73 STE |p 005100013977 |q 005100013977 |t BK |y 0 | ||
| 909 | |a Λ |b 011158 | ||
| 922 | |a 1ΕΛΗ |b 198807 |c ΠΠ/8114 | ||
| 970 | |z 27-01-1995 | ||